000 00466nam a2200181Ia 4500
001 9423
005 20260306161717.0
008 260306t2006||||xx |||||||||||||| ||spa||
041 _aESP
082 _a378.861
_bT64
100 _aTobón Tobón, Sergio
_eAUT
245 0 _aCompetencias en la educación superior:
_bpolíticas hacia la calidad
260 _c2006
300 _a232 páginas :
_c24 cm.
650 _aGEN
654 _aCED
942 _cLIB
_dJUS
_fJUS
_2ddc
_n
999 _c9423
_d9423